000 00616nam a22002057a 4500
005 20250627161111.0
010 _aEN-145622
020 _a0415979730
_c395.00
020 _a9780415979733
035 _aEN-129154
037 _adpl
_bDBAD
082 _a320.5315
100 _aLeBlanc, Paul
_982448
245 _aMarx, Lenin, and the Revolutionary Experience/
_cby Paul LeBlanc
260 _aNew York
_bRoutledge
_c2007
270 _a270 Madison Ave,
_bNew York
_e10016
300 _axiii, 337p.
_c23 cm (pb)
500 _ait includes bibliography and index
942 _2ddc
_cEN
_h320.5315
_mBLA
999 _c212001
_d212001